MDQL
is popping MORE tags! Check the
thread
!
Quizzes
Events
Quiz Creation
Community
Videos
Private Events
Remove Ads
Sign In
Join for FREE
Feedback
Dark Mode
Quiz Categories
Sports
Geography
Music
Movies
Television
Just For Fun
Miscellaneous
History
Literature
Language
Science
Gaming
Entertainment
Religion
Holiday
For Kids
Quiz Lab
Recent
Popular Today
Quiz Kudos Today
Editor Picks
Curator Picks
Quizzes by...
Day
Popularity
Type
Ratings
Length
Year
Community
Subscriptions
Recent Discussions
Orange Saloon
Badges
Playlists
Quests
Create
Leaderboards
Showdown
Live 5
Trivia Bingo
Activity
Puzzle Library
Sporcle Events
Private Events
Virtual Trivia
Globe League
Become a Host
Pub Owners
SporcleCon
Opinionation
Our Games
Videos
Blog
Mobile Apps
Partnerships
Remove Ads and Go Orange
Feedback
Sports
Athletes
MLB
NBA
NHL
NFL
Soccer
Sports Teams
WWE
NCAA
Football
Premier League
Basketball
Baseball
Hockey
Golf
Tennis
Cricket
Rugby
Auto Racing
Olympics
World Cup
Sports
Athletes
MLB
NBA
NHL
NFL
Soccer
Sports Teams
WWE
NCAA
Football
Premier League
Basketball
Baseball
Hockey
Golf
Tennis
Cricket
Rugby
Auto Racing
Olympics
World Cup
Random Quiz
Search Sporcle
×
Curator Pick
Curator Pick
Sports
NHL
Type in answers that appear in a list
Type in answers that appear in a list
Classic
Best Score? Go Orange.
NHL Most Points in Their Last 5 Years Stats
Can you name the players who have scored the most points in their final five NHL seasons?
By
cheesyjon
5m
20 Questions
1,832 Plays
1,832 Plays
1,832 Plays
Comments
Comments
Give Quiz Kudos
Give Quiz Kudos
-
- Ratings
hide this ad
More Info
Replay
Link that replays current quiz
Next Quiz
Link to next quiz in quiz playlist
You Got
0%
They Got
Avg Score
38%
Avg Friend Score
Upgrade to see
Score Distribution
Jump to the score distribution portion of the page
Score
0/20
Timer
05:00
0
Plays Today
Points
Player
% Correct
551
Mike Bossy
90%
349
Gordie Howe
69.3%
380
Bobby Hull
68.9%
337
Phil Esposito
61.8%
335
Mats Sundin
58.7%
392
Marcel Dionne
56.7%
327
Theoren Fleury
52.4%
387
Bernie Federko
37.6%
360
Bill Barber
36.6%
412
Frank Mahovlich
36%
Points
Player
% Correct
360
Jean Ratelle
35%
344
Rod Gilbert
33.8%
334
Steve Larmer
27.7%
339
Darryl Sittler
27.5%
371
Jacques Lemaire
26.5%
374
Hakan Loob
25.3%
358
Guy Chouinard
13.8%
384
Blaine Stoughton
13.4%
335
Dale McCourt
2.2%
338
John McKenzie
1.5%
Quiz Playlist
Details
Report
Send in Message
Add To Playlist
More Info:
Teams stated are teams played for in the final five seasons.
Classic:
Type in answers that appear in a list
Quiz Source
Last Updated: Aug 6, 2017
Curator Pick in
NHL
Quiz Scoreboard
CHALLENGE
Sign Up to Join the Scoreboard
Show All
Scores
Hide
Comments
May contain spoilers
Recently Published
Find the 'City' Movie
by crazypaving
Movies
60s
5x2 Blitz: Bands
by SL_Kpop136
Music
30s
Colored Red Africa Blitz
by spor1
Geography
30s
More to Explore
Quiz From the Vault
Featured Blog Post
14 Easter Pick-up Lines to Find Eggs With
hide this ad
You Might Also Like...
Tags
NHL Quiz
Year Quiz
Five
last
Most Points
season
Today's Top Quizzes in Sports
Browse Sports
hide this ad
Today's Top Quizzes in NHL
Browse NHL
Top Contributed Quizzes in Sports
1
Players with Multiple 50 Home Run Seasons
2
Criteria MLB: Left Handed Sluggers
3
MLB Players with Two .350 Batting Average Seasons
4
Who Hit More Homers?
5
Premier League Clubs since 2000 (minefield)
6
Who Needs Fielders?
7
2020 F1 Drivers Logic Puzzle
8
Les entraîneurs de l'OM et du PSG au 21e siècle
9
Top 10 NHL Goal Scorers of All Time
10
MLB Hall of Famer by Rings
Explore More
Trending Topics
Crossword
Anime
Disney
NBA
Kpop
Marvel
Harry Potter
The Office
Puzzle
Soccer
Country
NFL
Pokémon
WWE
Song
hide this ad
More By:
cheesyjon
Quiz
Plays
Rating
Category
Featured
Created
Superhero/Villain by Actor
185,874
3.82
Entertainment
Nov 2, 2009
Countries With The Most...
164,794
4.42
Geography
Dec 1, 2009
Countries That Take Up 1% of the World's Population
109,308
4.59
Geography
Nov 24, 2012
Mass Effect Characters by Description
8,333
4.56
Gaming
Apr 9, 2012
Uncharted Characters
6,114
3.86
Gaming
Dec 9, 2009
Go to Creator's Profile
Score Distribution
Quiz Creator Spotlight
cheesyjon
Follow
Send a Message
Quizzes Created
-
Created Quiz Play Count
-
More By This Creator
Popular Quizzes Today
1
Find the 'City' Movie
2
Colored Red Africa Blitz
3
5x2 Blitz: Bands
4
Find the US States - No Outlines Minefield
5
The Countries of the World
6
Find the US States
7
US States
8
9x9 Crossword: Cartoon Network
More Sports Quizzes
Every Kevin Durant's 10PPG teammate ever
Quiz Lab
Trending Quizzes
Colored Red Europe Blitz I
Colored Red Africa Blitz II
Colored Red Europe Blitz II
Colored Red Europe Blitz III
Colored Red Africa Blitz III
Recently Updated
Famous TV Couples
Peacemaker
Champions League XIs: Real Madrid
pecheneg
Largest US Cities 1790-2010
pecheneg
Rides in Walt Disney World
pecheneg
Most Oscar Losses (Acting)
pecheneg
Beyoncé Albums
pecheneg
Leaping Animals
pecheneg
Reality TV Shows (A-Z)
bhenderson79
Rickey Henderson's Hall of Fame Teammates
pecheneg
Champions League XIs: Arsenal
pecheneg
Trending Topics
NBA
Harry Potter
Anime
Marvel
Disney
Crossword
Kpop
The Office
Song
NFL
Pokémon
Puzzle
Country
WWE
Soccer
Your Account Isn't Verified!
In order to create a playlist on Sporcle, you need to verify the email address you used during registration. Go to your
Sporcle Settings
to finish the process.
Report this User
Report this user for behavior that violates our
Community Guidelines
.
Details:
Send Report
Go to the Sporcle.com Mobile Site →
Comments